000 00214nam a2200097Ia 4500
008 190216s9999||||xx |||||||||||||| ||und||
100 _aVinayagam M N
245 0 _aManagement Accounting
260 _bNull
942 _cBK
999 _c5377
_d5377